000
nam a22 7a 4500
999
_c
55020
_d
55020
003
OSt
005
20220808144430.0
008
220808b xxu||||| |||| 00| 0 eng d
040
_c
IIMT UNIVERSITY MEERUT
100
_a
TREMBLEY, SOOENSON
245
_a
AN INTRODUCTION TO DATA STR WITH APPL
260
_b
TMH
300
_a
861
942
_2
ddc
_c
09